[Event "Druzynowe Mistrzostwa Polski - I Liga 2018"]
[Site "Pokrzywna"]
[Date "1899-12-30"]
[Round "1.1"]
[White "Gritsak, Orest"]
[Black "Jakubiec, Artur"]
[Result "1/2-1/2"]
[WhiteTitle "GM"]
[BlackTitle "GM"]
[WhiteElo "2450"]
[BlackElo "2514"]

1. d4 Nf6 2. Nf3 g6 3. c4 Bg7 4. Nc3 O-O 5. g3 d6 6. Bg2 Bf5 7. Qb3 Nc6 8. Qxb7
Bd7 9. Qb3 Na5 10. Qc2 Nxc4 11. O-O Rc8 12. b3 Nb6 13. Ba3 Bf5 14. Qd2 c5 15.
dxc5 dxc5 16. Rac1 Qxd2 17. Nxd2 Rfd8 18. Rfd1 Bh6 19. e3 Bg4 20. Nf3 Rxd1+ 21.
Nxd1 Nfd7 22. Nb2 Bg7 23. h3 Bxf3 24. Bxf3 e6 25. Be2 Bf8 26. Nc4 a5 27. Nd2 a4
28. bxa4 Nxa4 29. Bb5 Ndb6 30. Bxa4 Nxa4 31. Nc4 Bg7 32. Rc2 Ra8 33. Bc1 Rb8 34.
Bd2 h5 35. g4 hxg4 36. hxg4 f5 37. Kg2 Kf7 38. Kf3 Bf6 39. Ke2 Ke7 40. Rc1 e5
41. e4 Ke6 42. gxf5+ gxf5 43. f3 Rd8 44. Be3 Rh8 45. Kd3 Rh3 46. exf5+ Kxf5 47.
Nd2 e4+ 48. fxe4+ Ke6 49. Nc4 Bd4 50. Re1 Kd7 51. a3 Kc6 52. Re2 Nb6 53. Nxb6
Kxb6 54. Kd2 Kb5 55. Bxd4 cxd4 56. a4+ Kxa4 57. e5 Kb5 58. e6 Rh8 59. e7 1/2-1/2

[Event "Druzynowe Mistrzostwa Polski - I Liga 2018"]
[Site "Pokrzywna"]
[Date "1899-12-30"]
[Round "1.2"]
[White "Marczuk, Dominik"]
[Black "Miroslaw, Michal"]
[Result "0-1"]
[WhiteTitle "k"]
[BlackTitle "FM"]
[WhiteElo "2293"]
[BlackElo "2280"]

1. f4 d5 2. Nf3 g6 3. g3 Bg7 4. Bg2 Nf6 5. O-O O-O 6. d3 c5 7. Qe1 Nc6 8. c3 b6
9. h3 Qc7 10. g4 Bb7 11. Qh4 e6 12. Na3 a6 13. Bd2 Qe7 14. Rae1 Nd7 15. Qg3 e5
16. f5 e4 17. dxe4 dxe4 18. Ng5 Nd8 19. h4 Be5 20. Bf4 gxf5 21. Bxe5 Qxe5 22.
Qxe5 Nxe5 23. Rxf5 Nxg4 24. Nxe4 Kh8 25. Nc2 Rg8 26. Kh1 Nh6 27. Re5 f6 28. Re7
Nf5 29. Rxb7 Nxb7 30. Nxf6 Rg7 31. h5 Rf8 32. Ne4 Rg4 33. Bf3 Rxe4 0-1

[Event "Druzynowe Mistrzostwa Polski - I Liga 2018"]
[Site "Pokrzywna"]
[Date "1899-12-30"]
[Round "1.3"]
[White "Panas, Pawel"]
[Black "Chmiel, Marcin"]
[Result "1/2-1/2"]
[WhiteTitle "k"]
[BlackTitle "k"]
[WhiteElo "2181"]
[BlackElo "2237"]

1. Nf3 c5 2. c4 Nc6 3. d4 cxd4 4. Nxd4 g6 5. e4 Nf6 6. Nc3 Nxd4 7. Qxd4 d6 8. Be2
Bg7 9. Be3 O-O 10. Qd2 a5 11. O-O a4 12. Rad1 Bd7 13. Bd4 Bc6 14. Qe3 Nd7 15.
Nd5 Bxd5 16. cxd5 Bxd4 17. Rxd4 Qb6 18. Qd2 Rfc8 19. Bg4 Rc7 20. Bxd7 Rxd7 21.
Rc4 Rc7 22. Rxc7 Qxc7 23. Rc1 Qd7 24. Qc3 Qg4 25. f3 Qf4 26. g3 Qg5 27. Kg2 Ra6
28. h4 Qe5 29. Qc8+ Kg7 30. Qxb7 a3 31. Rc2 axb2 32. Rxb2 Ra4 33. Qb3 Qd4 34.
a3 h6 35. Rc2 g5 36. hxg5 hxg5 37. g4 Ra8 38. Qc3 Qxc3 39. Rxc3 Kf6 40. Kf2 e6
41. dxe6 fxe6 42. Rb3 Ke5 1/2-1/2

[Event "Druzynowe Mistrzostwa Polski - I Liga 2018"]
[Site "Pokrzywna"]
[Date "1899-12-30"]
[Round "1.4"]
[White "Gbyl, Andrzej"]
[Black "Dybowski, Jerzy"]
[Result "1-0"]
[WhiteTitle "k+"]
[BlackTitle "FM"]
[WhiteElo "2248"]
[BlackElo "2276"]

1. d4 Nf6 2. Nf3 d6 3. c4 g6 4. Nc3 Bf5 5. Nh4 Bd7 6. e4 e5 7. Nf3 Nc6 8. d5 Ne7
9. h3 Bg7 10. Be2 O-O 11. g4 c6 12. Bg5 cxd5 13. cxd5 Rc8 14. Nd2 Ne8 15. h4 f6
16. Be3 f5 17. f3 fxg4 18. fxg4 b6 19. g5 Rf7 20. h5 gxh5 21. Bxh5 Ng6 22. Qe2
b5 23. a3 a5 24. Qh2 b4 25. axb4 axb4 26. Nd1 Ra8 27. Rb1 Qc8 28. Nf2 Ra2 29.
Bxg6 hxg6 30. Qh7+ Kf8 31. Qxg6 Bg4 32. Nxg4 Qxg4 33. Qh5 Qxh5 34. Rxh5 Rc7 35.
Kd1 Kf7 36. Nb3 Kg6 37. Rh4 Bf8 38. Kd2 Be7 39. Kd3 Bf8 40. Nd2 Rc8 41. Nc4 b3
42. Rc1 Rb8 43. Rh2 Ra6 44. Nd2 Ra4 45. Nf3 Kf7 46. Bd2 Ra7 47. Nh4 Kg8 48. Nf5
Rh7 49. Rxh7 Kxh7 50. Rc3 Kg6 51. Kc4 Nc7 52. Rxb3 Rxb3 53. Kxb3 Nxd5 54. Nh4+
Kh5 55. exd5 Kxh4 56. Kc4 Kg4 57. b4 Kf5 58. b5 Be7 59. b6 1-0

[Event "Druzynowe Mistrzostwa Polski - I Liga 2018"]
[Site "Pokrzywna"]
[Date "1899-12-30"]
[Round "1.5"]
[White "Praszak, Michal"]
[Black "Bukojemski, Adam"]
[Result "0-1"]
[WhiteTitle "m"]
[BlackTitle "k"]
[WhiteElo "2068"]
[BlackElo "2222"]

1. d4 e6 2. c4 b6 3. Nf3 Bb7 4. g3 Bb4+ 5. Nbd2 Nf6 6. Bg2 c5 7. dxc5 Bxc5 8. O-O
d5 9. Ne5 O-O 10. Nd3 Be7 11. b3 Nc6 12. Bb2 Rc8 13. Rc1 Nb4 14. a3 Nxd3 15. exd3
Rc7 16. Qe2 Qa8 17. Rfd1 Rd8 18. Nf3 d4 19. Ne1 Bxg2 20. Nxg2 Rc5 21. Re1 h5 22.
h3 Nh7 23. b4 Rf5 24. f4 a5 25. g4 hxg4 26. hxg4 Rf6 27. c5 bxc5 28. bxc5 Rg6
29. c6 Nf6 30. g5 Nd5 31. Qe4 e5 32. Qxe5 Rxc6 33. Bxd4 f6 34. Qf5 Bxa3 35. g6
Ne7 36. Qh5 Rxc1 37. Rxc1 Nxg6 38. Rc7 Qxg2+ 39. Kxg2 Nxf4+ 40. Kf3 0-1

[Event "Druzynowe Mistrzostwa Polski - I Liga 2018"]
[Site "Pokrzywna"]
[Date "1899-12-30"]
[Round "1.6"]
[White "Lewtak, Damian"]
[Black "Sopur, Lech"]
[Result "1/2-1/2"]
[WhiteTitle "m"]
[BlackTitle "m"]
[WhiteElo "2430"]
[BlackElo "2403"]

1. d4 Nf6 2. Bf4 d5 3. e3 c5 4. c3 Nc6 5. Nd2 e6 6. Ngf3 Bd6 7. Bg3 O-O 8. Bd3
b6 9. Qe2 Bb7 10. Rd1 g6 11. Ne5 Nh5 12. Nxc6 Bxc6 13. Bxd6 Qxd6 14. g4 Ng7 15.
f4 cxd4 16. cxd4 Qb4 17. h4 Kh8 18. Rb1 a6 19. a3 Qa4 20. Qd1 h5 21. Nf3 Qxd1+
22. Kxd1 hxg4 23. Ne5 Bb5 24. Bxb5 axb5 25. Nxg4 Nf5 26. h5 Ng3 27. Rh3 Nxh5 28.
Nf6 Kg7 29. Nxh5+ gxh5 30. Kd2 Rh8 31. Rg1+ Kf6 32. Rg5 h4 33. Kc3 Ra4 34. Rg4
Rc4+ 35. Kb3 Kf5 36. Rgxh4 Rxh4 37. Rxh4 Ke4 38. Rh7 Kxe3 39. Rxf7 Kxd4 40. Re7
Rc6 41. Rd7 Kc5 42. Kc3 b4+ 43. axb4+ Kb5+ 44. Kb3 Rc4 45. f5 Rxb4+ 46. Ka3 Re4
47. fxe6 Kc6 48. Re7 Kb5 1/2-1/2

[Event "Druzynowe Mistrzostwa Polski - I Liga 2018"]
[Site "Pokrzywna"]
[Date "1899-12-30"]
[Round "1.7"]
[White "Cukrowski, Filip"]
[Black "Reza, Wojciech"]
[Result "1-0"]
[WhiteTitle "FM"]
[BlackTitle "FM"]
[WhiteElo "2397"]
[BlackElo "2284"]

1. d4 Nf6 2. c4 e6 3. g3 c5 4. Nf3 cxd4 5. Nxd4 Bb4+ 6. Bd2 Bc5 7. e3 Nc6 8. Bc3
O-O 9. Bg2 Be7 10. O-O Qc7 11. Nd2 Ne5 12. Nb5 Qb8 13. f4 Nc6 14. g4 b6 15. g5
Ne8 16. Qh5 f5 17. Rf3 Bc5 18. Rh3 Qxf4 19. Nd4 Qd6 20. Ne4 fxe4 21. Bxe4 h6 22.
gxh6 Nxd4 23. hxg7 Nxg7 24. Qh7+ Kf7 25. Qg6+ Ke7 26. Qxg7+ Ke8 27. exd4 Rb8 28.
dxc5 Qxc5+ 29. Bd4 Qe7 30. Qxe7+ Kxe7 31. Be5 1-0

[Event "Druzynowe Mistrzostwa Polski - I Liga 2018"]
[Site "Pokrzywna"]
[Date "1899-12-30"]
[Round "1.8"]
[White "Licznerski, Lukasz"]
[Black "Kaczmarek, Aleksander"]
[Result "1-0"]
[WhiteTitle "FM"]
[BlackTitle "FM"]
[WhiteElo "2277"]
[BlackElo "2398"]

1. e4 g6 2. d4 Bg7 3. Nf3 c6 4. Nc3 d5 5. h3 dxe4 6. Nxe4 Nd7 7. Bc4 Ngf6 8. Nxf6+
Nxf6 9. O-O O-O 10. Re1 Bf5 11. c3 Rc8 12. Qe2 Nd5 13. Bxd5 Qxd5 14. Qxe7 Bxh3
15. Qxb7 Qh5 16. Nh2 Be6 17. Qxa7 c5 18. Be3 Bd5 19. Qd7 Be6 20. Qd6 c4 21. Bf4
Rfd8 22. Qb6 Bd5 23. Re3 Qf5 24. Bg3 h5 25. Rae1 Kh7 26. Be5 Bh6 27. R3e2 Bg5
28. Bc7 Qd7 29. Bxd8 Bxd8 30. Qb4 Bc7 31. Qe7 Qc6 32. Nf3 Bd6 33. Ne5 Qb6 34.
Nd7 Qa6 35. Nf6+ Kg7 36. Nxh5+ Kh6 37. Qh4 Rh8 38. Re8 Rxe8 39. Nf6+ 1-0

[Event "Druzynowe Mistrzostwa Polski - I Liga 2018"]
[Site "Pokrzywna"]
[Date "1899-12-30"]
[Round "1.9"]
[White "Orzech, Dominik"]
[Black "Duch, Mariusz"]
[Result "1/2-1/2"]
[WhiteTitle "IM"]
[BlackTitle "k"]
[WhiteElo "2365"]
[BlackElo "2233"]

1. d4 d6 2. Nf3 f5 3. g3 Nf6 4. Bg2 e6 5. O-O Be7 6. Qd3 O-O 7. Nbd2 Nc6 8. e4
fxe4 9. Nxe4 e5 10. dxe5 dxe5 11. Qc4+ Kh8 12. Nfg5 Nxe4 13. Nxe4 Nd4 14. Be3
Be6 15. Qd3 Nf3+ 16. Kh1 Qxd3 17. cxd3 b6 18. Rfc1 c5 19. Nd2 Bd5 20. Nxf3 Bxf3
21. Bxf3 Rxf3 22. Rc4 Rd8 23. Rd1 Rf7 24. Kg2 Bf8 25. Kf1 Rfd7 26. Ke2 Rd5 27.
Re4 Kg8 28. b3 Kf7 29. Bg5 R8d7 30. Bc1 Be7 31. Bb2 Bf6 32. Bc3 Kg6 33. Ke3 Bg5+
34. Ke2 Bf6 1/2-1/2

[Event "Druzynowe Mistrzostwa Polski - I Liga 2018"]
[Site "Pokrzywna"]
[Date "1899-12-30"]
[Round "1.10"]
[White "Renkowski, Piotr"]
[Black "Flis, Pawel"]
[Result "1-0"]
[WhiteTitle "k+"]
[BlackTitle "k"]
[WhiteElo "2199"]
[BlackElo "1922"]

1. e4 c5 2. Nf3 d6 3. c3 Nf6 4. Be2 Nbd7 5. d3 g6 6. O-O Bg7 7. Be3 Ng4 8. Bf4
O-O 9. h3 Nge5 10. Nxe5 Nxe5 11. Nd2 b6 12. d4 cxd4 13. cxd4 Nc6 14. Nb3 e5 15.
Be3 exd4 16. Nxd4 Nxd4 17. Bxd4 Be6 18. Bxg7 Kxg7 19. Qd4+ Qf6 20. Qxf6+ Kxf6
21. Ba6 Bc8 22. Bc4 Bb7 23. Rad1 Rfd8 24. Rd4 Rac8 25. Rfd1 Ke7 26. f4 a6 27.
Kf2 b5 28. Bb3 a5 29. Ke3 f6 30. g3 Rc5 31. a3 Bc8 32. h4 Bg4 33. R1d2 Be6 34.
Bxe6 Kxe6 35. Rd5 Rxd5 36. Rxd5 Rb8 37. g4 Rb7 38. Kd4 Rb8 39. f5+ Ke7 40. a4
bxa4 41. Rxa5 Rxb2 42. Ra7+ Kf8 43. Kd5 gxf5 44. gxf5 Rb5+ 45. Ke6 Re5+ 46. Kxf6
Rxe4 47. Ra8+ Re8 48. Rxa4 Kg8 49. Rg4+ Kh8 50. Kf7 Ra8 51. Re4 d5 52. Re8+ Rxe8
53. Kxe8 Kg7 54. Ke7 1-0

[Event "Druzynowe Mistrzostwa Polski - I Liga 2018"]
[Site "Pokrzywna"]
[Date "1899-12-30"]
[Round "1.11"]
[White "Miturova, Magdalena"]
[Black "Jablonska, Sabina"]
[Result "1/2-1/2"]
[WhiteTitle "WIM"]
[BlackTitle "k"]
[WhiteElo "2204"]
[BlackElo "1956"]

1. e4 c5 2. Nf3 e6 3. b3 Nc6 4. Bb5 d6 5. O-O Bd7 6. Re1 Nf6 7. Bb2 Be7 8. Bxc6
Bxc6 9. e5 dxe5 10. Nxe5 Rc8 11. Nxc6 Rxc6 12. Na3 O-O 13. Nc4 Nd7 14. f4 b5 15.
Ne3 Bf6 16. Bc3 Nb6 17. Qe2 a6 18. Rad1 Nd5 19. Bxf6 Qxf6 20. Nxd5 exd5 21. Qe5
Qxe5 22. Rxe5 d4 23. d3 Rfc8 24. Rde1 g6 25. Rd5 Kg7 26. Kf2 R8c7 27. Kf3 Kf6
28. Ree5 Rc8 29. h3 R8c7 30. g3 Rc8 31. g4 1/2-1/2

[Event "Druzynowe Mistrzostwa Polski - I Liga 2018"]
[Site "Pokrzywna"]
[Date "1899-12-30"]
[Round "1.12"]
[White "Markowski, Tomasz"]
[Black "Jaracz, Pawel"]
[Result "1/2-1/2"]
[WhiteTitle "GM"]
[BlackTitle "GM"]
[WhiteElo "2546"]
[BlackElo "2453"]

1. d4 Nf6 2. Nf3 d5 3. c3 Bg4 4. Ne5 Bf5 5. Qb3 Qc8 6. Bg5 e6 7. e3 Ne4 8. Bf4
g5 9. Bg3 f6 10. Nd3 h5 11. f3 Nxg3 12. hxg3 Bd6 13. f4 Nd7 14. Nd2 c6 15. Be2
Bg6 16. c4 Qc7 17. Rc1 Kf8 18. Qc3 Kg7 19. b4 Rae8 20. c5 Be7 21. Nf3 Be4 22.
Nf2 Bg6 23. Nd3 Be4 24. Nf2 Bg6 25. Nd3 Be4 1/2-1/2

[Event "Druzynowe Mistrzostwa Polski - I Liga 2018"]
[Site "Pokrzywna"]
[Date "1899-12-30"]
[Round "1.13"]
[White "Maksimenko, Andrei"]
[Black "Jakubowski, Krzysztof"]
[Result "1/2-1/2"]
[WhiteTitle "GM"]
[BlackTitle "GM"]
[WhiteElo "2483"]
[BlackElo "2508"]

1. d4 d6 2. Nf3 Bg4 3. c4 Nd7 4. Qb3 c5 5. dxc5 Nxc5 6. Qe3 a5 7. g3 Nf6 8. Bg2
g6 9. Nc3 Bg7 10. Nd4 O-O 11. O-O Qd7 12. Rd1 Bh3 13. Qf3 Bg4 14. Qe3 Bh3 15.
Qf3 Bg4 16. Qe3 1/2-1/2

[Event "Druzynowe Mistrzostwa Polski - I Liga 2018"]
[Site "Pokrzywna"]
[Date "1899-12-30"]
[Round "1.14"]
[White "Krzyzanowski, Marcin"]
[Black "Simantsev, Mikhail"]
[Result "1/2-1/2"]
[WhiteTitle "IM"]
[BlackTitle "GM"]
[WhiteElo "2477"]
[BlackElo "2445"]

1. d4 Nf6 2. Bf4 e6 3. e3 c5 4. c3 d5 5. Nd2 Bd6 6. Bb5+ Nc6 7. Bg3 O-O 8. Ngf3
Ne7 9. Bd3 Nf5 10. Be5 b6 11. h4 Ng4 12. Qe2 Bb7 13. Bxd6 Qxd6 14. Rh3 cxd4 15.
Nxd4 Nxd4 16. exd4 Nf6 17. Re3 Bc6 18. g4 b5 19. g5 Nd7 20. Qh5 g6 21. Qe2 b4
22. h5 bxc3 23. bxc3 Rfe8 24. Nf3 Qf4 25. Rb1 Rab8 26. Rb3 a5 27. Bc2 Rbc8 28.
Rb1 Rb8 29. Rb3 Rbc8 30. Rb1 Kg7 31. h6+ Kg8 32. Bd3 Re7 33. Bb5 Bxb5 34. Rxb5
Rb8 35. Ne5 Rxb5 36. Qxb5 Nf8 37. Nc6 Rd7 38. Ne5 Re7 39. Nc6 Rd7 40. Ne5 Re7
1/2-1/2

[Event "Druzynowe Mistrzostwa Polski - I Liga 2018"]
[Site "Pokrzywna"]
[Date "1899-12-30"]
[Round "1.15"]
[White "Krysztofiak, Marcin"]
[Black "Polok, Kacper"]
[Result "1/2-1/2"]
[WhiteTitle "IM"]
[BlackTitle "FM"]
[WhiteElo "2386"]
[BlackElo "2295"]

1. Nf3 e6 2. c4 f5 3. g3 Nf6 4. Bg2 d5 5. O-O Be7 6. b3 O-O 7. Bb2 b6 8. cxd5 exd5
9. Qc2 c5 10. d4 Nc6 11. Nc3 Ne4 12. dxc5 bxc5 13. Rad1 Be6 14. e3 Rc8 15. Ne2
Bf7 16. Ne5 Nxe5 17. Bxe5 Bf6 18. Qb2 Bxe5 19. Qxe5 Qf6 20. Qxf6 Nxf6 21. Rc1
g5 22. Rc2 Bh5 23. Rfc1 Bxe2 24. Rxe2 Rc6 25. Rec2 Rfc8 26. Rd1 Rd6 27. Rdc1 Rdc6
28. Rd1 Rd6 29. Rdc1 Rdc6 30. Rd1 Rd6 1/2-1/2

[Event "Druzynowe Mistrzostwa Polski - I Liga 2018"]
[Site "Pokrzywna"]
[Date "1899-12-30"]
[Round "1.16"]
[White "Jaworski, Miroslaw"]
[Black "Szustakowski, Antoni"]
[Result "1/2-1/2"]
[WhiteTitle "IM"]
[BlackTitle "FM"]
[WhiteElo "2207"]
[BlackElo "2296"]

1. d4 Nf6 2. c4 e6 3. Nc3 Bb4 4. Qc2 d5 5. cxd5 Qxd5 6. Nf3 Qf5 7. Qxf5 exf5 8.
a3 Be7 9. Bf4 c6 10. e3 Be6 11. h3 Nbd7 12. Bd3 h6 13. Ke2 Nb6 14. Nd2 O-O 15.
Rhc1 a5 16. Bc7 Nfd5 17. Nxd5 Nxd5 18. Bh2 a4 19. Nc4 Rfd8 20. Rc2 g6 21. Ne5
Nb6 22. Nf3 Re8 23. Nd2 Rac8 24. Rac1 Red8 25. Be5 Bg5 26. Rg1 h5 27. Nf3 Be7
28. Nd2 Nd7 29. Bh2 Nb6 30. Be5 Nd7 31. Bh2 Nb6 1/2-1/2

[Event "Druzynowe Mistrzostwa Polski - I Liga 2018"]
[Site "Pokrzywna"]
[Date "1899-12-30"]
[Round "1.17"]
[White "Harazinska, Magdalena"]
[Black "Zemlickova, Olena"]
[Result "1/2-1/2"]
[WhiteTitle "k"]
[BlackTitle "WIM"]
[WhiteElo "2042"]
[BlackElo "2096"]

1. d4 d5 2. c4 e6 3. Nc3 Be7 4. cxd5 exd5 5. Bf4 c6 6. Qc2 Be6 7. e3 Bd6 8. Bxd6
Qxd6 9. Bd3 h6 10. Nf3 Nd7 11. h3 Ne7 12. Rb1 a6 13. b4 O-O 14. O-O b5 15. e4
dxe4 16. Nxe4 Qd5 17. a3 Kh8 18. Rfd1 Rac8 19. Nc5 Nxc5 20. dxc5 Qh5 21. Re1 Rc7
22. Re5 g5 23. Rbe1 Rd7 24. h4 Rg8 25. hxg5 Ng6 26. Qc3 Rxd3 27. Qxd3 Nxe5 28.
Rxe5 Bd5 29. Qc3 Kh7 30. Rf5 Be6 31. Rf6 hxg5 32. Qd3+ Kg7 33. Qd4 Kh7 34. Ne5
Re8 35. Nxc6 Bd5 36. Ne5 Rxe5 37. Qxe5 Qd1+ 38. Kh2 Qh5+ 39. Kg1 Qd1+ 40. Kh2
Qh5+ 1/2-1/2

[Event "Druzynowe Mistrzostwa Polski - I Liga 2018"]
[Site "Pokrzywna"]
[Date "1899-12-30"]
[Round "1.18"]
[White "Szwed, Jacek"]
[Black "Wandzik, Wojciech"]
[Result "1/2-1/2"]
[WhiteTitle "FM"]
[BlackTitle "m"]
[WhiteElo "2397"]
[BlackElo "2417"]

1. e4 c5 2. Nf3 e6 3. d4 cxd4 4. Nxd4 Nc6 5. Nc3 Nf6 6. Ndb5 d6 7. Bf4 e5 8. Bg5
a6 9. Na3 b5 10. Bxf6 gxf6 11. Nd5 f5 12. g3 Bg7 13. Bg2 f4 14. c3 O-O 15. Nc2
Rb8 16. Ncb4 Bb7 17. Nxc6 Bxc6 18. Nb4 Bb7 19. O-O Kh8 20. Qh5 Qf6 21. Rfd1 Rfd8
22. Nd5 Qg6 23. Qe2 Bf8 24. Bh3 h5 25. Bf5 Qh6 26. Kh1 Bc6 27. Rd3 Bxd5 28. Rxd5
fxg3 29. hxg3 Be7 30. Kg2 Rg8 31. Rh1 h4 32. Rd3 Kg7 33. gxh4 Bxh4 34. Kf1 Kf8
35. Qe3 Qxe3 36. Rxe3 Bg5 37. Rd3 Ke7 38. Ke2 Rh8 39. Rdh3 Rxh3 40. Rxh3 Bc1 41.
b3 a5 42. Rh7 Ba3 43. Bg6 Rf8 44. Bh5 Bc5 45. f3 b4 46. Kd3 Bf2 47. cxb4 axb4
48. Kc4 Bc5 49. Kb5 Ke6 50. Bg4+ Kf6 51. Bh5 Kg5 52. Bxf7 Kf4 53. Bd5 Kxf3 54.
Kc4 Ke3 55. Rh2 Rc8 56. Rg2 Kf3 57. Rc2 Rc7 58. Kd3 Rh7 59. Bc6 Rh1 60. Bd5 Rd1+
61. Rd2 Rc1 62. Rc2 Rd1+ 63. Rd2 Re1 64. Rc2 Kf4 65. Re2 Rh1 66. Rc2 Rh3+ 67.
Kc4 Rg3 68. Bc6 Ke3 69. Bd5 Rg1 70. Bc6 Rd1 71. Bd5 Rd4+ 72. Kb5 Kd3 73. Rg2 Kc3
74. Bc6 Rd1 75. Re2 Rg1 76. Bd5 Rg7 77. Bc4 Kd4 78. Bd5 Rh7 79. Rc2 Rh1 80. Rg2
Re1 81. Rd2+ Kc3 82. Rg2 Kd3 83. Rg3+ Kc2 84. Rg2+ Kb1 85. Ka4 Rd1 86. Re2 Kc1
87. Kb5 Rd4 88. Bc6 Rd3 89. Bb7 Rh3 90. Bd5 Kd1 91. Rg2 Rd3 92. Bc6 Rd4 93. Bb7
Kc1 94. Bc6 Kb1 95. Bb7 Rd3 96. Bc6 Rh3 97. Bd5 Rh7 98. Re2 Rh8 1/2-1/2

[Event "Druzynowe Mistrzostwa Polski - I Liga 2018"]
[Site "Pokrzywna"]
[Date "1899-12-30"]
[Round "1.19"]
[White "Lizak, Jakub"]
[Black "Zylka, Stanislaw"]
[Result "0-1"]
[WhiteTitle "k"]
[BlackTitle "FM"]
[WhiteElo "2168"]
[BlackElo "2327"]

1. e4 c5 2. Nf3 e6 3. d4 cxd4 4. Nxd4 Nc6 5. Nc3 Qc7 6. Be3 a6 7. Qf3 Ne5 8. Qg3
h5 9. Nf5 g6 10. Bd4 d6 11. f4 gxf5 12. fxe5 h4 13. exd6 hxg3 14. dxc7 Rxh2 15.
Rg1 Bd6 16. Bb6 Kd7 17. exf5 Kc6 18. Be3 Ne7 19. fxe6 Nf5 20. Bg5 Bxe6 21. Bd3
Kxc7 22. O-O-O Rg8 23. Bd2 Nh4 24. Be4 Kb8 25. Be3 Be5 26. Rd3 f5 27. Bd5 Bxd5
28. Nxd5 Nxg2 29. Bd4 Bxd4 30. Rxd4 Nh4 31. Rf4 g2 32. Nc3 Rh3 33. Rf2 f4 0-1

[Event "Druzynowe Mistrzostwa Polski - I Liga 2018"]
[Site "Pokrzywna"]
[Date "1899-12-30"]
[Round "1.20"]
[White "Koziol, Kamil"]
[Black "Duda, Lukasz"]
[Result "1/2-1/2"]
[WhiteTitle "FM"]
[BlackTitle "k++"]
[WhiteElo "2310"]
[BlackElo "2201"]

1. d4 d5 2. Nc3 Nf6 3. Bf4 c6 4. f3 e6 5. e4 Bb4 6. Qd3 Qa5 7. Nge2 b6 8. e5 Ba6
9. Qd2 Nfd7 10. a3 c5 11. Rd1 Bxc3 12. Qxc3 Qxc3+ 13. Nxc3 Bxf1 14. Rxf1 a6 15.
Be3 Nc6 16. f4 cxd4 17. Bxd4 Nxd4 18. Rxd4 Ke7 19. Kd2 g6 20. Rf3 h5 21. h4 Rhc8
22. Nd1 Rc6 23. Rc3 Rac8 24. Rxc6 Rxc6 25. Nf2 Nc5 26. Kd1 Rc8 27. g3 Rc6 28.
Kd2 Rc7 29. Kd1 Rc6 30. Kd2 Rc7 31. Kd1 1/2-1/2

[Event "Druzynowe Mistrzostwa Polski - I Liga 2018"]
[Site "Pokrzywna"]
[Date "1899-12-30"]
[Round "1.21"]
[White "Gola, Karol"]
[Black "Tomaszewski, Kacper"]
[Result "0-1"]
[WhiteTitle "k"]
[BlackTitle "k++"]
[WhiteElo "2214"]
[BlackElo "2281"]

1. e4 c5 2. Nf3 e6 3. c3 d5 4. exd5 exd5 5. d4 Nc6 6. Be2 Bd6 7. Be3 cxd4 8. Nxd4
Nge7 9. Nd2 O-O 10. N2f3 a6 11. Qc2 Ng6 12. Bd3 Nxd4 13. Nxd4 Bg4 14. h3 Qh4 15.
Bf5 Rfe8 16. O-O Bxf5 17. Nxf5 Qf6 18. Nxd6 Qxd6 19. Rad1 Rad8 20. Rd4 Qc6 21.
Rfd1 Rd7 22. Qf5 Re5 23. Qf3 b5 24. R4d2 Qe6 25. Bd4 Re4 26. Qd3 Nf4 27. Qf1 Qg6
28. Kh2 Qh5 29. Be3 Ne6 30. a4 Rxa4 31. b4 Qe5+ 32. g3 h5 33. Bd4 Qf5 34. Qg2
Ng5 35. Rd3 Ra2 36. h4 Ne4 37. Qf3 Qxf3 38. Rxf3 f6 39. Kg2 Kf7 40. Rfd3 Ke6 41.
Re1 Kd6 42. Kf3 Kc6 43. Re2 Rxe2 44. Kxe2 Re7 45. Re3 Re6 46. Kf3 Kd7 47. Kf4
Nd6 48. f3 Rxe3 49. Bxe3 Ke6 50. g4 g6 51. Bc5 Nc4 52. Bd4 a5 53. bxa5 Nxa5 54.
Bb6 Nc6 55. Bc5 Ne5 56. Bd4 Nf7 57. Bf2 Nd6 58. Bd4 Nc4 59. Kg3 Nd2 60. Kf4 Nc4
61. Bc5 Ne5 62. Kg3 Nd3 63. Bd4 b4 64. cxb4 Nxb4 65. Kf4 Nc6 66. Bf2 Ne5 67. Bg3
g5+ 68. hxg5 Ng6+ 69. Ke3 h4 70. Bxh4 Nxh4 71. gxf6 Kxf6 72. Kd4 Ke6 73. f4 Kd6
74. f5 Nf3+ 75. Ke3 Ng5 76. Kf4 Nh3+ 77. Kg3 d4 78. Kf3 Ke5 79. Ke2 Ke4 80. f6
Ng5 81. Kd2 d3 0-1

[Event "Druzynowe Mistrzostwa Polski - I Liga 2018"]
[Site "Pokrzywna"]
[Date "1899-12-30"]
[Round "1.22"]
[White "Walach, Marcin"]
[Black "Kalmuk, Krzysztof"]
[Result "1/2-1/2"]
[WhiteTitle "FM"]
[BlackTitle "I++"]
[WhiteElo "2324"]
[BlackElo "2025"]

1. e4 c5 2. Nf3 Nf6 3. Nc3 d6 4. d4 cxd4 5. Nxd4 e6 6. Be2 Nc6 7. O-O Be7 8. Be3
Qc7 9. f4 O-O 10. Kh1 a6 11. Qe1 Bd7 12. Qg3 b5 13. e5 dxe5 14. Nxc6 Bxc6 15.
fxe5 Ne4 16. Nxe4 Bxe4 17. c3 Rad8 18. Rad1 Rxd1 19. Rxd1 Rd8 20. Bd4 Qc6 21.
Rf1 Rd7 22. a3 Bc5 23. Bxc5 Qxc5 24. Rd1 Rxd1+ 25. Bxd1 Qd5 26. Bf3 h6 27. h3
Bxf3 28. Qxf3 Qxe5 29. Qa8+ Kh7 30. Qxa6 Qe1+ 31. Kh2 Qe5+ 32. Kh1 Qe1+ 33. Kh2
Qe5+ 34. Kh1 Qe1+ 1/2-1/2

[Event "Druzynowe Mistrzostwa Polski - I Liga 2018"]
[Site "Pokrzywna"]
[Date "1899-12-30"]
[Round "1.23"]
[White "Szydlowska-duda, Marta"]
[Black "Kucharska, Honorata"]
[Result "0-1"]
[WhiteTitle "k"]
[BlackTitle "WFM"]
[WhiteElo "2001"]
[BlackElo "2045"]

1. d4 Nf6 2. Nf3 d6 3. Bf4 g6 4. h3 Bg7 5. e3 O-O 6. Be2 Nbd7 7. O-O Qe8 8. c4
e5 9. Bh2 Ne4 10. Nc3 Nxc3 11. bxc3 f5 12. c5 dxc5 13. dxe5 Kh8 14. Qd5 Qe7 15.
Rad1 Nb6 16. Qb3 Be6 17. c4 Bd7 18. Qa3 g5 19. Qc3 Rae8 20. Bd3 Bc6 21. Bb1 Nd7
22. Nd2 Nxe5 23. Qc2 g4 24. hxg4 Nxg4 25. Bg3 Be5 26. Bxe5+ Qxe5 27. g3 Nxe3 0-1

[Event "Druzynowe Mistrzostwa Polski - I Liga 2018"]
[Site "Pokrzywna"]
[Date "1899-12-30"]
[Round "1.24"]
[White "Chojnacki, Krzysztof"]
[Black "Mroziak, Maciej"]
[Result "1/2-1/2"]
[WhiteTitle "IM"]
[BlackTitle "IM"]
[WhiteElo "2362"]
[BlackElo "2386"]

1. d4 Nf6 2. c4 g6 3. Nc3 d5 4. cxd5 Nxd5 5. e4 Nxc3 6. bxc3 Bg7 7. Nf3 c5 8. Be3
Bg4 9. Rc1 O-O 10. d5 Qa5 11. Qd2 Nd7 12. c4 Qa3 13. Be2 Rad8 14. O-O Bxf3 15.
Bxf3 Ne5 16. Be2 Nc6 17. Rb1 b6 18. Rb3 Qa4 19. f4 Na5 20. Qc2 Nxb3 21. axb3 Qa3
22. e5 f6 23. Bc1 Qa6 24. f5 fxe5 25. fxg6 Rxf1+ 26. Bxf1 Qa1 27. Bb2 Qe1 28.
gxh7+ Kh8 29. Qe2 Qxe2 30. Bxe2 e4 31. Bxg7+ Kxg7 32. Kf2 Rh8 33. Ke3 Rxh7 34.
h3 Kf6 35. Kxe4 Rh8 36. Kf4 a6 37. Bf1 Rf8 38. Bd3 Rh8 39. Bf1 Rb8 40. g4 b5 41.
cxb5 axb5 42. g5+ Kg7 43. Ke5 c4 44. bxc4 Rf8 45. Bd3 bxc4 46. Bxc4 Rf3 1/2-1/2

[Event "Druzynowe Mistrzostwa Polski - I Liga 2018"]
[Site "Pokrzywna"]
[Date "1899-12-30"]
[Round "1.25"]
[White "Kolago, Marcin"]
[Black "Musialkiewicz, Pawel"]
[Result "0-1"]
[WhiteTitle "m"]
[BlackTitle "FM"]
[WhiteElo "2356"]
[BlackElo "2247"]

1. Nf3 d5 2. g3 c6 3. Bg2 Bg4 4. O-O Nd7 5. d3 e6 6. e4 Bd6 7. Nbd2 Ne7 8. Qe1
Rc8 9. Qe3 Bc5 10. Qg5 Bxf3 11. Nxf3 Ng6 12. Qd2 O-O 13. Qe2 Qc7 14. Bd2 a5 15.
Rfe1 Ba7 16. a4 Rce8 17. d4 Nf6 18. exd5 exd5 19. Qd3 Ne4 20. h4 f5 21. h5 Nh8
22. Bf4 Qb6 23. h6 Ng6 24. hxg7 Kxg7 25. Qe3 Nxf4 26. Qxf4 Bb8 27. Qh4 Rf6 28.
Qh5 Ref8 29. Nd2 Qxd4 30. Re2 Rh6 31. Qf3 Nxd2 32. Re7+ Kh8 33. Qe2 Ne4 34. c3
Qc5 35. Rxb7 Bxg3 36. Rf1 Bh2+ 37. Kh1 Bb8+ 38. Kg1 Qd6 39. Rd1 Rg8 40. Qf3 Rhg6
0-1

[Event "Druzynowe Mistrzostwa Polski - I Liga 2018"]
[Site "Pokrzywna"]
[Date "1899-12-30"]
[Round "1.26"]
[White "Musialkiewicz, Jan"]
[Black "Wiewiora, Eneasz"]
[Result "1/2-1/2"]
[WhiteTitle "k+"]
[BlackTitle "FM"]
[WhiteElo "2244"]
[BlackElo "2355"]

1. e4 d6 2. d4 Nf6 3. Nc3 e5 4. dxe5 dxe5 5. Qxd8+ Kxd8 6. Bg5 Be6 7. g3 Bb4 8.
O-O-O Kc8 9. Bxf6 gxf6 10. f4 Bxc3 11. bxc3 Nc6 12. Bh3 Re8 13. Rf1 Kd8 14. fxe5
Nxe5 15. Bxe6 Rxe6 16. Nf3 Nxf3 17. Rxf3 Ke7 18. Rhf1 Rg8 19. Rf4 Rg5 20. R1f3
Rh5 21. Rf2 Ra5 22. Rf5 Rxa2 23. e5 Rxe5 24. Rxf6 Ke8 25. Rxf7 Re7 26. Rf8+ Kd7
27. Rd2+ Kc6 28. Kb1 Ra5 29. Rf6+ Kb5 30. Rf1 c5 31. Rdf2 Ra6 32. Rf7 Rae6 33.
R1f6 b6 34. Kb2 Re2 35. Rxe7 Rxe7 36. Rh6 Kc4 37. Rh5 Rg7 38. Rf5 Kb5 39. Rf6
Kc4 40. Rf5 Kb5 41. Rf6 Kc4 1/2-1/2